| 000 | 00465nam a2200181Ia 4500 | ||
|---|---|---|---|
| 003 | OSt | ||
| 005 | 20231027123151.0 | ||
| 008 | 230519s9999 xx 000 0 und d | ||
| 020 | _a978-93-81390-39-9 | ||
| 041 | _aeng | ||
| 082 | _aPY 610.7365 GUP DB0181 | ||
| 100 | _aGupta Ram | ||
| 245 | _aTextbook of Mental Health and Psychiatric Nursing | ||
| 260 |
_bS Vikas and Co _aJalandhar _c2012 |
||
| 300 | _a327p | ||
| 942 |
_2ddc _cDB |
||
| 999 |
_c159003 _d159003 |
||